000 00669ntaaa2200205 4500
003 01
005 20251027203308.0
008 0714s1973 ag 01
040 _aAR-BaBN
_bspa
_cAR-BaBN
_eaacr
_dRIC
082 _a370.11 M47
100 _aMeirieu, Philippe
111 _aLa opción de educar y la responsabilidad pedagógica
_n2013 oct. 30
_cBuenos Aires
_936049
245 _aLa opción de educar y la responsabilidad pedagógica /
_cPhilippe Meirieu
260 _aBuenos Aires :
_bMinisterio de Educación,
_c2013
300 _a31 p. ;
_c28 cm.
650 _aEDUCACION
650 _aARGENTINA
_94582
650 _aCONGRESOS, CONFERENCIAS, ETC.
_91734
942 _cBK
999 _c28451
_d28451